000 01129nam a22002777a 4500
999 _c20280
_d20280
005 20180803151421.0
008 180803b2017 ck ||||| |||| 00| 0 spa d
020 _a9789588753430
040 _aCO-BoIAVH
_cCO-BoIAVH
041 _aspa
044 _ack
082 _a333.7314
_bP46e
100 _aPeñuela, Lourdes
_eeditora
245 1 0 _aEl manejo sostenible del suelo, clave para adaptarnos al cambio climático
260 _aBogotá:
_bFundación Natura,,
_bFundación Horizonte Verde,
_bEcopetrol.
_c2017.
300 _a142 páginas:
_bfotografías a color, tablas;
_c28 x 21cm
500 _aEl manejo sostenible del suelo, clave para adaptarnos al cambio climático implementación al cambio climático, con productores ganaderos entre las cuencas de los ríos Guachiria y Ariporo en Casanare
650 2 6 _aSuelo
_xPlantas
650 2 6 _aSuelo
_xAnimales
650 2 6 _aSabana inundable
650 2 6 _aGanaderia
650 2 6 _aRecursos naturales
_xConservación
700 _aSegura, Gustavo
_eeditor
700 _aMejia, Anyela
_eeditora
942 _2ddc
_cLIBRO